00614nam a2200169 a 450000100100000000500170001000800410002704000250006808200160009310000630010924500560017226000400022830000360026804900090030495201140031399900170042700001561920240304195135.0100215s1964 dr ac 001 0 spa d aDO-SdBNPbspacBNPHU axxxxbP872e1 aPouerié Cordero, M. M.,q(Manuel María)d1922-201696010aEstampas de un periodista /cM. M. Pouerie Cordero. aSanto Domingo :bDel Caribe,c1964. a147 p. :bil., retrs. ;c23 cm. aBNPD 0010718PDaPDbPDcCTd2010-02-15iLF1l0oxxxx P872ep15619-10r2020-06-25w2020-06-25yLFPDZNo se presta c15174d15174